Guide to JCT intermediate building contract 2016 / (Record no. 121460)
[ view plain ]
| 000 -LEADER | |
|---|---|
| fixed length control field | 00885pam a2200277 i 4500 |
| 001 - CONTROL NUMBER | |
| control field | 018483727 |
| 003 - CONTROL NUMBER IDENTIFIER | |
| control field | Uk |
| 005 - DATE AND TIME OF LATEST TRANSACTION | |
| control field | 20230405120918.0 |
| 008 - FIXED-LENGTH DATA ELEMENTS--GENERAL INFORMATION | |
| fixed length control field | 230405s2017 enka b |0|1 0|eng |
| 020 ## - INTERNATIONAL STANDARD BOOK NUMBER | |
| ISBN | 9781859466391 |
| Qualifying information | paperback : |
| 041 ## - LANGUAGE CODE | |
| Language code of text/sound track or separate title | eng |
| 082 04 - DEWEY DECIMAL CLASSIFICATION NUMBER | |
| Classification number | 343.4107869 |
| 100 10 - MAIN ENTRY--PERSONAL NAME | |
| Personal author | Lupton, Sarah, |
| Relator term | author. |
| 245 10 - TITLE STATEMENT | |
| Title | Guide to JCT intermediate building contract 2016 / |
| Statement of responsibility, etc | Sarah Lupton. |
| 264 #1 - PRODUCTION, PUBLICATION, DISTRIBUTION, MANUFACTURE, AND COPYRIGHT NOTICE | |
| Place of production, publication, distribution, manufacture | Newcastle upon Tyne : |
| Name of producer, publisher, distributor, manufacturer | RIBA Publishing, |
| Date of production, publication, distribution, manufacture, or copyright notice | [2017] |
| 300 ## - PHYSICAL DESCRIPTION | |
| Physical description | ix, 161 pages : |
| Other physical details | illustrations (black and white) ; |
| Dimensions | 25 cm |
| 500 ## - GENERAL NOTE | |
| General note | Formerly CIP. |
| 504 ## - BIBLIOGRAPHY, ETC. NOTE | |
| Bibliography, etc | Includes bibliographical references and index. |
| 650 #0 - KEYWORDS | |
| Keywords | Construction contracts |
| Geographic subdivision | Great Britain. |
| 651 ## - SUBJECT ADDED ENTRY--GEOGRAPHIC NAME | |
| Geographic name | United Kingdom |
| 942 ## - ADDED ENTRY ELEMENTS (KOHA) | |
| Suppress in OPAC | Do not suppress in OPAC |
| 336 ## - CONTENT TYPE | |
| Content type term | text |
| Source | rdacontent |
| 337 ## - MEDIA TYPE | |
| Media type term | unmediated |
| Source | rdamedia |
| 338 ## - CARRIER TYPE | |
| Carrier type term | volume |
| Source | rdacarrier |
| Lost status | Damaged status | Not for loan | Home library | Current library | Shelving location | Date acquired | Total Checkouts | Full call number | Date last seen | Price effective from | Koha item type |
|---|---|---|---|---|---|---|---|---|---|---|---|
| London | London | Books | 05/04/2023 | 343.4107869 | 05/04/2023 | 05/04/2023 | Book |